[Event "Niteroi op 3rd"]
[Site "Niteroi"]
[Date "2023.09.07"]
[Round "5"]
[White "Pessoa, Vitor Henrique Leop"]
[Black "Santos, Alan Gomes Florenci"]
[Result "1-0"]
[WhiteElo "1527"]
[BlackElo "1722"]
[PlyCount "69"]
[EventDate "2023.09.04"]
[EventType "swiss"]
[EventRounds "9"]
[EventCountry "BRA"]
[SourceTitle "EXT 2024"]
[Source "ChessBase"]
[SourceDate "2023.10.10"]
[SourceVersion "1"]
[SourceVersionDate "2023.10.10"]
[SourceQuality "1"]

1. e4 c6 2. d4 d5 3. e5 c5 4. dxc5 e6 5. Nf3 Bxc5 6. Bd3 Ne7 7. 0-0 Nd7 8. Nc3 Nc6 9. Bf4 Nb4 10. Be2 b6 11. a3 Nc6 12. Bb5 Bb7 13. Re1 a6 14. Bf1 b5 15. Bg3 Be7 16. Ne2 a5 17. Ned4 b4 18. a4 Nxd4 19. Nxd4 0-0 20. Kh1 Nc5 21. f3 f5 22. f4 Ne4 23. Nxe6 Qd7 24. Nxf8 Nxg3+ 25. hxg3 Bxf8 26. e6 Qe7 27. Bb5 Qf6 28. Qh5 Rc8 29. Bd3 g6 30. Qh4 g5 31. Qxg5+ Qg6 32. Qxg6+ hxg6 33. e7 Re8 34. exf8Q+ Rxf8 35. Re7 1-0

[Event "Niteroi op 3rd"]
[Site "Niteroi"]
[Date "2023.09.04"]
[Round "1"]
[White "Campos, Alexandre Ferreira"]
[Black "Pessoa, Vitor Henrique Leop"]
[Result "1-0"]
[WhiteElo "2041"]
[BlackElo "1527"]
[PlyCount "63"]
[EventDate "2023.09.04"]
[EventType "swiss"]
[EventRounds "9"]
[EventCountry "BRA"]
[SourceTitle "EXT 2024"]
[Source "ChessBase"]
[SourceDate "2023.10.10"]
[SourceVersion "1"]
[SourceVersionDate "2023.10.10"]
[SourceQuality "1"]

1. c4 Nf6 2. g3 g6 3. Bg2 Bg7 4. e4 e5 5. d4 0-0 6. dxe5 Ne8 7. Nf3 Nc6 8. Bg5 f6 9. exf6 Nxf6 10. 0-0 h6 11. Bxf6 Qxf6 12. Nc3 d6 13. Nd2 Be6 14. Rb1 Rf7 15. Nd5 Bxd5 16. cxd5 Ne5 17. f4 Nd7 18. Nf3 Qe7 19. Qc2 Re8 20. Rbe1 Nb6 21. Bh3 Ref8 22. Be6 Kh7 23. Bxf7 Qxf7 24. Re2 Rc8 25. Qd3 Qd7 26. f5 gxf5 27. Nh4 f4 28. e5+ Kg8 29. e6 Qe7 30. Rxf4 Qg5 31. Nf5 Be5 32. Rg4 1-0

[Event "Rio de Janeiro op 04"]
[Site "Rio de Janeiro"]
[Date "2023.04.30"]
[Round "3"]
[White "Baeta, Marcio Netto"]
[Black "Pessoa, Vitor Henrique Leop"]
[Result "1-0"]
[WhiteElo "1857"]
[BlackElo "1501"]
[PlyCount "77"]
[EventDate "2023.04.29"]
[EventType "swiss"]
[EventRounds "6"]
[EventCountry "BRA"]
[SourceTitle "CBM 214 Extra"]
[Source "ChessBase"]
[SourceDate "2023.07.31"]
[SourceVersion "1"]
[SourceVersionDate "2023.07.31"]
[SourceQuality "1"]

1. e4 c5 2. d4 cxd4 3. Nf3 Nf6 4. e5 Nd5 5. Qxd4 e6 6. c4 Nb4 7. Na3 N8c6 8. Qd1 d6 9. exd6 Bxd6 10. Nb5 Be7 11. Bf4 0-0 12. Be2 Qxd1+ 13. Rxd1 e5 14. Nxe5 Bf6 15. Nxc6 bxc6 16. Nc7 Rb8 17. 0-0 Bf5 18. Bd6 Rfc8 19. a3 Nc2 20. b4 Nd4 21. Bd3 Bxd3 22. Rxd3 Rb7 23. Na6 Rd8 24. Re1 h6 25. c5 Rbd7 26. Red1 Nb5 27. Nb8 Rb7 28. Nxc6 Re8 29. Kf1 Bb2 30. Na5 Rd7 31. Nc4 Bf6 32. c6 Rdd8 33. a4 Nc3 34. c7 Rc8 35. Re1 Nxa4 36. Rxe8+ Rxe8 37. Be5 Be7 38. Rd7 f6 39. Rxe7 1-0

[Event "Rio de Janeiro Duchamp op 4th"]
[Site "Rio de Janeiro"]
[Date "2022.12.13"]
[Round "8"]
[White "De Resende, Kalyndi Carvalho"]
[Black "Pessoa, Vitor Henrique Leop"]
[Result "1/2-1/2"]
[WhiteElo "1926"]
[BlackElo "1358"]
[PlyCount "41"]
[EventDate "2022.12.07"]
[EventType "swiss"]
[EventRounds "9"]
[EventCountry "BRA"]
[SourceTitle "EXT 2024"]
[Source "ChessBase"]
[SourceDate "2023.10.10"]
[SourceVersion "1"]
[SourceVersionDate "2023.10.10"]
[SourceQuality "1"]

1. e4 c5 2. c3 Nf6 3. e5 Nd5 4. d4 cxd4 5. cxd4 d6 6. Bc4 Nb6 7. exd6 Nxc4 8. Qa4+ Bd7 9. Qxc4 e6 10. Qc7 Qxc7 11. dxc7 Na6 12. Bf4 Rc8 13. Nf3 Nxc7 14. Bxc7 Rxc7 15. 0-0 Rc2 16. b3 Bb4 17. a3 Ba5 18. b4 Bb6 19. Nbd2 Bxd4 20. Nxd4 Rxd2 21. Nb3 1/2-1/2

[Event "Rio de Janeiro Duchamp op 4th"]
[Site "Rio de Janeiro"]
[Date "2022.12.11"]
[Round "6"]
[White "Cincinato, Thalita Ariane"]
[Black "Pessoa, Vitor Henrique Leop"]
[Result "0-1"]
[WhiteElo "1845"]
[BlackElo "1358"]
[PlyCount "42"]
[EventDate "2022.12.07"]
[EventType "swiss"]
[EventRounds "9"]
[EventCountry "BRA"]
[SourceTitle "CBM 211 Extra"]
[Source "ChessBase"]
[SourceDate "2023.01.31"]
[SourceVersion "1"]
[SourceVersionDate "2023.01.31"]
[SourceQuality "1"]

1. d4 Nf6 2. Nc3 d5 3. Bg5 Bf5 4. Qd2 e6 5. f3 Be7 6. g4 Bg6 7. h4 h6 8. Bf4 Bd6 9. Nh3 c6 10. Bg2 Qc7 11. 0-0-0 b5 12. Rde1 Bxf4 13. Nxf4 Bh7 14. g5 Ng8 15. e4 Ne7 16. exd5 Nxd5 17. Nfxd5 cxd5 18. Nxd5 Qc4 19. Qc3 Kd7 20. a4 Bg6 21. Ne3 Qxa4 0-1

[Event "Niteroi op 2nd"]
[Site "Niteroi"]
[Date "2022.09.05"]
[Round "7"]
[White "Pessoa, Vitor Henrique Leop"]
[Black "Baeta, Marcio Netto"]
[Result "0-1"]
[WhiteElo "1250"]
[BlackElo "1799"]
[PlyCount "116"]
[EventDate "2022.09.01"]
[EventType "swiss"]
[EventRounds "9"]
[EventCountry "BRA"]
[SourceTitle "CBM 210 Extra"]
[Source "ChessBase"]
[SourceDate "2022.11.30"]
[SourceVersion "1"]
[SourceVersionDate "2022.11.30"]
[SourceQuality "1"]

1. e4 c5 2. Nf3 Nc6 3. d4 cxd4 4. Nxd4 e6 5. Nc3 a6 6. Bc4 Qc7 7. Bb3 Nf6 8. Be3 Bb4 9. f3 Ne5 10. Qd2 Nc4 11. Bxc4 Qxc4 12. Qd3 Qxd3 13. cxd3 d5 14. 0-0 e5 15. Nc2 Be7 16. exd5 Bf5 17. Rfd1 Rd8 18. Bb6 Rd7 19. Ne3 Bg6 20. Rac1 0-0 21. d4 e4 22. f4 Bd6 23. Rf1 h5 24. f5 Bh7 25. Bc5 g6 26. fxg6 fxg6 27. Rf2 g5 28. Rcf1 Bf4 29. Ncd1 Rff7 30. g3 Bxe3 31. Nxe3 Kg7 32. Nf5+ Bxf5 33. Rxf5 Nxd5 34. Rxf7+ Rxf7 35. Rxf7+ Kxf7 36. Kf2 Ke6 37. h4 Kf5 38. hxg5 Kxg5 39. Bd6 Kg4 40. a4 b5 41. axb5 axb5 42. Ke2 Kf5 43. Kf2 Nb6 44. b3 Nd5 45. Ke2 Ke6 46. Be5 Ne7 47. Ke3 Kd5 48. Kd2 Nc6 49. Ke3 Nxe5 50. dxe5 Kxe5 51. b4 Kd5 52. Kf4 Kd4 53. Kg5 e3 54. Kxh5 e2 55. g4 e1Q 56. g5 Ke5 57. g6 Kf6 58. Kh6 Qh4# 0-1

[Event "Niteroi op 2nd"]
[Site "Niteroi"]
[Date "2022.09.01"]
[Round "1"]
[White "Pessoa, Vitor Henrique Leop"]
[Black "Ramos, Angelo Bil"]
[Result "0-1"]
[WhiteElo "1250"]
[BlackElo "2003"]
[PlyCount "114"]
[EventDate "2022.09.01"]
[EventType "swiss"]
[EventRounds "9"]
[EventCountry "BRA"]
[SourceTitle "CBM 210 Extra"]
[Source "ChessBase"]
[SourceDate "2022.11.30"]
[SourceVersion "1"]
[SourceVersionDate "2022.11.30"]
[SourceQuality "1"]

1. e4 c5 2. Nf3 Nc6 3. d4 cxd4 4. Nxd4 Nf6 5. Nc3 e5 6. Nb3 Bb4 7. Bd3 d5 8. exd5 Nxd5 9. Bd2 Nxc3 10. bxc3 Bd6 11. 0-0 0-0 12. Be3 Qe7 13. Re1 Be6 14. Qe2 Rac8 15. Rac1 a6 16. f3 Rfe8 17. Rcd1 Nb8 18. Bxh7+ Kxh7 19. Qd3+ Kg8 20. Qxd6 Qxd6 21. Rxd6 Rxc3 22. Bd2 Rxc2 23. Rxe5 Nc6 24. Re2 Rxa2 25. Nc5 Rd8 26. Nxb7 Rxd6 27. Nxd6 Nd4 28. Rf2 a5 29. Be3 Nc2 30. Bc5 a4 31. Ne4 Ra1+ 32. Rf1 Rxf1+ 33. Kxf1 a3 34. Bxa3 Nxa3 35. Kf2 Nc4 36. h4 Kf8 37. g4 Ke7 38. Kg3 Ne3 39. g5 Nf5+ 40. Kf4 Nxh4 41. Kg3 Nf5+ 42. Kf4 Nd6 43. Ng3 g6 44. Ke5 Bh3 45. Ne2 Bg2 46. f4 Nf5 47. Ng1 Ng3 48. Ne2 Nxe2 49. f5 gxf5 50. g6 f6+ 51. Kxf5 Nd4+ 52. Kg4 Kf8 53. Kf4 Kg7 54. Kg4 Kxg6 55. Kg3 Bd5 56. Kh3 Kg5 57. Kh2 Kg4 0-1